Empowerment of women in North-East India/ (Record no. 8355)
[ view plain ]
| 000 -LEADER | |
|---|---|
| fixed length control field | 00771 a2200217 4500 |
| 003 - CONTROL NUMBER IDENTIFIER | |
| control field | GBCCL |
| 005 - DATE AND TIME OF LATEST TRANSACTION | |
| control field | 20241126110649.0 |
| 008 - FIXED-LENGTH DATA ELEMENTS--GENERAL INFORMATION | |
| fixed length control field | 200211b ||||| |||| 00| 0 eng d |
| 020 ## - INTERNATIONAL STANDARD BOOK NUMBER | |
| International Standard Book Number | 9789351251040 |
| 020 ## - INTERNATIONAL STANDARD BOOK NUMBER | |
| International Standard Book Number | 9351251047 |
| 040 ## - CATALOGING SOURCE | |
| Transcribing agency | GBC |
| 082 ## - DEWEY DECIMAL CLASSIFICATION NUMBER | |
| Classification number | 305.4209541 |
| Item number | GHO |
| 100 ## - MAIN ENTRY--PERSONAL NAME | |
| Personal name | Ghosh, Bhola Nath . |
| 9 (RLIN) | 14576 |
| 245 ## - TITLE STATEMENT | |
| Title | Empowerment of women in North-East India/ |
| Statement of responsibility, etc. | by Bhola Nath Ghosh. |
| 260 ## - PUBLICATION, DISTRIBUTION, ETC. | |
| Place of publication, distribution, etc. | New Delhi : |
| Name of publisher, distributor, etc. | Concept Publishing Company Pvt. Ltd., |
| Date of publication, distribution, etc. | 2015. |
| 300 ## - PHYSICAL DESCRIPTION | |
| Extent | xxii, 183 pages : illustrations (black and white) ; |
| Other physical details | 23 cm |
| 650 ## - SUBJECT ADDED ENTRY--TOPICAL TERM | |
| Topical term or geographic name entry element | Women in development -- India -- Tripura. |
| 9 (RLIN) | 14577 |
| 650 ## - SUBJECT ADDED ENTRY--TOPICAL TERM | |
| Topical term or geographic name entry element | Women in development -- India -- Meghalaya. |
| 9 (RLIN) | 14578 |
| 650 ## - SUBJECT ADDED ENTRY--TOPICAL TERM | |
| Topical term or geographic name entry element | Women -- India -- Tripura -- Social conditions. |
| 9 (RLIN) | 14579 |
| 942 ## - ADDED ENTRY ELEMENTS (KOHA) | |
| Source of classification or shelving scheme | Dewey Decimal Classification |
| Koha item type | Books |
| Koha issues (borrowed), all copies | 4 |
| Withdrawn status | Lost status | Source of classification or shelving scheme | Damaged status | Not for loan | Home library | Current Library | Shelving location | Date acquired | Source of acquisition | Cost, normal purchase price | Total checkouts | Full call number | Barcode | Date last seen | Date last checked out | Copy number | Cost, replacement price | Price effective from | Koha item type |
|---|---|---|---|---|---|---|---|---|---|---|---|---|---|---|---|---|---|---|---|
| Dewey Decimal Classification | GRACE BIBLE COLLEGE | GRACE BIBLE COLLEGE | North East Collection | 2020-02-24 | 10 | 487.50 | 4 | 305.4209541 GHO | 013818 | 2025-05-01 | 2022-04-14 | c.1 | 650.00 | 2020-02-24 | Books |